MarketView (Record no. 118891)

MARC details
000 -LEADER
fixed length control field 01012cas a22002535a 4500
001 - CONTROL NUMBER
control field L137222
008 - FIXED-LENGTH DATA ELEMENTS--GENERAL INFORMATION
fixed length control field 100920c2010 xxkfr ws ss 0 a0eng u
035 ## - SYSTEM CONTROL NUMBER
System control number (Sirsi) u137222
041 0# - LANGUAGE CODE
Language code of text/sound track or separate title eng
050 ## - LIBRARY OF CONGRESS CALL NUMBER
Classification number 333.33 $2 18
110 2# - MAIN ENTRY--CORPORATE NAME
Corporate name or jurisdiction name as entry element CB Richard Ellis
9 (RLIN) 3675
245 00 - TITLE STATEMENT
Title MarketView
Remainder of title Scottish offices
Medium [electronic resource]
260 ## - PUBLICATION, DISTRIBUTION, ETC.
Place of publication, distribution, etc. London
Name of publisher, distributor, etc. CBRE
Date of publication, distribution, etc. 2010-
362 0# - DATES OF PUBLICATION AND/OR SEQUENTIAL DESIGNATION
Dates of publication and/or sequential designation Current half year issue only
490 #0 - SERIES STATEMENT
Series statement MarketView Scotttish Offices
520 ## - SUMMARY, ETC.
Summary, etc. Provides an overview of and key statistics for the Edinburgh, Glasgow and Aberdeen office markets covering demand and supply, prime rents and yields.
554 ## -
-- Two per year
650 24 - SUBJECT ADDED ENTRY--TOPICAL TERM
Topical term or geographic name entry element MARKETVIEW SCOTTISH OFFICES
651 #4 - SUBJECT ADDED ENTRY--GEOGRAPHIC NAME
Geographic name Scotland
Chronological subdivision 1999-
690 ## - LOCAL SUBJECT ADDED ENTRY--TOPICAL TERM (OCLC, RLIN)
Topical term or geographic name as entry element PROPERTY-COMMERCIAL PROPERTY-OFFICE PROPERTY-OFFICE PROPERTY MARKET
690 ## - LOCAL SUBJECT ADDED ENTRY--TOPICAL TERM (OCLC, RLIN)
Topical term or geographic name as entry element PROPERTY-COMMERCIAL PROPERTY-COMMERCIAL PROPERTY MARKET
856 40 - ELECTRONIC LOCATION AND ACCESS
Uniform Resource Identifier <a href="https://www.cbre.co.uk/portal/page/portal/uk_en/research">https://www.cbre.co.uk/portal/page/portal/uk_en/research</a>
Public note View the item free of charge at www.cbre.co.uk
942 ## - ADDED ENTRY ELEMENTS (KOHA)
Suppress in OPAC 0
Holdings
Withdrawn status Lost status Source of classification or shelving scheme Damaged status Not for loan Home library Current library Shelving location Date acquired Total Checkouts Full call number Barcode Date last seen Copy number Price effective from Koha item type
    Dewey Decimal Classification     Virtual Virtual Online 23/03/2007   ONLINE PUBLICATION 137222-1001 06/08/2019 1 06/08/2019 Book